| 000 | 00531nam a2200181Ia 4500 | ||
|---|---|---|---|
| 999 |
_c14019 _d14019 |
||
| 003 | OSt | ||
| 005 | 20201023104840.0 | ||
| 008 | 190216s9999||||xx |||||||||||||| ||und|| | ||
| 020 | _a8172241674 | ||
| 040 | _coclc | ||
| 082 |
_a823.914 _bMAR/N |
||
| 100 |
_aMarkandaya, Kamala _95172 |
||
| 245 | 0 |
_aNectar In A Sieve / _cKamala markandaya |
|
| 260 |
_bJaico Publishing House, _c1996. _adelhi: |
||
| 300 | _a189p | ||
| 650 | _aEnglish Novel-English Novel | ||
| 942 |
_cBK _2ddc _h823.914 _iMAR/N _k823.914 _mMAR/N |
||